000 00575nam a2200217Ia 4500
003 OSt
005 20220928135550.0
006 a|||||r|||| 00| 0
007 ta
008 220927b |||||||| |||| 00| 0 eng d
024 _a3208
037 _cTextual
040 _aSDCL
_cSDCL
_beng
041 _2eng
_aeng
082 _aO-,1L92w, J4
100 _aNorman Sylva
_9491598
245 0 _aFlight of the skylark
_b The development of Shelley's reputation
260 _c1954
942 _hO-,1L92w, J4
_cTEXL
_2CC
999 _c807002
_d807002